Представление документа в формате RUSMARC

ПолеНазваниеЗначение
  Тип записи c
  Библиографический уровень m
001 Контрольный номер UONB/MAIN/8d13352d5a4f487eb7c269e1c9f9a359
005 Дата корректировки 20251125145432.2
010 Индекс ISBN __
d Цена 45 к.
9 Тираж 15000 экз.
071 Издательские номер (звукозапись и ноты) 21
a Номер, присвоенный агентством 13610
100 Данные общей обработки __
a Данные общей обработки 20220331g1987 ||uy0rusy0189 ca
101 Язык документа 0_
a Язык текста rus
f Язык титульного листа rus
102 Страна публикации __
a Страна публикации RU
125 Кодированные данные звукозаписи и нотных изданий __
a Форма изложения нотного текста c
128 Кодированные данные (звукозаписи-физические характеристики) __
a Кодированные данные: Музыкальная форма и тональность или лад sg
c Инструменты или голоса, рекомендуемые для солистов (устаревшее) kt
200 Заглавие и сведения об ответственности 1_
a Заглавие Вып. 20
b Общее обозначение материала Ноты
f Первые сведения об ответственности сост. В. Сариев
210 Выходные данные 1_
d Дата издания 1987
215 Физическое описание __
a Объем 36 с. включ. обл.
327 Примечание о содержании 11
a Примечание о содержании Содерж.: Птичкин Е. Верит людям земля / сл. Р. Рождественского. - Аедоницкий П. Свежий ветер / сл. А. Ковалева. - Тухманов Д. Аист на крыше / сл. А. Поперечного. - Антонов Ю. Снегири / сл. М. Дудина. - Туликов С. Это счастьем зовется / сл. М. Пляцковского. - Космачев И. Я тебя люблю / сл. Л. Дербенева. - Паулс Р. Бабочки на снегу / сл. Н. Зиновьева. - Николаев И. Комарово / сл. М. Танича. - Чичков Ю. Снегурочка / сл. Б. Дворного. - Блок В. Соловушка / сл. М. Садовского. - Киселев А. Соседушка / сл. В. Татаринова. - Двилянский М. Песня о неизвестном солдате / сл. О. Груздевой.
461 Уровень набора _0
1 2001
a Популярные песни в переложении для баяна или аккордеона
b Ноты
e [с надпис. текстом]
v Вып. 20
1 2101
a М.
c Музыка
d 1982 -
1 001UONB/MAIN/3f953c3232fc466c979063380d5fd5f1
464 Аналитический уровень _0
1 700 1
a Птичкин
b Е.
1 2001
a Верит людям земля
e Зарницы в небе вспыхнули не зря...
1 702 1
a Рождественский
b Р.
4 520
464 Аналитический уровень _0
1 700 1
a Аедоницкий
b П.
1 2001
a Свежий ветер
e Этот ветер, этот свежий ветер...
1 702 1
a Ковалев
b А.
4 520
464 Аналитический уровень _0
1 700 1
a Тухманов
b Д.
1 2001
a Аист на крыше
e Где это было, когда это было?..
1 702 1
a Поперечный
b А.
4 520
464 Аналитический уровень _0
1 700 1
a Антонов
b Ю.
1 2001
a Снегири
e Эта память опять от зари до зари...
1 702 1
a Дудин
b М.
4 520
464 Аналитический уровень _0
1 700 1
a Туликов
b С.
1 2001
a Это счастьем зовется
e Вместе с каплями дождика...
1 702 1
a Пляцковский
b М.
4 520
464 Аналитический уровень _0
1 700 1
a Космачев
b И.
1 2001
a Я тебя люблю
e Все, что так долго понять не мог...
1 702 1
a Дербенев
b Л.
4 520
464 Аналитический уровень _0
1 700 1
a Паулс
b Р.
1 2001
a Бабочки на снегу
e Где-то там иногда в моей памяти...
1 702 1
a Зиновьев
b Н.
4 520
464 Аналитический уровень _0
1 700 1
a Чичков
b Ю.
1 2001
a Снегурочка
e Лед зеркальный искрится в огнях...
1 702 1
a Дворной
b Б.
4 520
464 Аналитический уровень _0
1 700 1
a Блок
b В.
1 2001
a Соловушка
e Соловушка, до вечера...
1 702 1
a Садовский
b М.
4 520
464 Аналитический уровень _0
1 700 1
a Николаев
b И.
1 2001
a Комарово
e На недельку, до второго, я уеду в Комарово...
1 702 1
a Танич
b М.
4 520
464 Аналитический уровень _0
1 702 1
a Татаринов
b В.
4 520
1 2001
a Соседушка
e Вьюга крутит, шутит шутки...
1 700 1
a Киселев
b А.
464 Аналитический уровень _0
1 702 1
a Груздева
b О.
4 520
1 2001
a Песня о неизвестном солдате
e В зеленом саду, под кремлевской стеною...
1 700 1
a Двилянский
b М.
512 Заглавие обложки 1_
a Заглавие обложки Популярные песни в переложении для баяна или аккордеона
606 Тематические рубрики 0_
a Основная рубрика Баян
x Основная подрубрика Популярные песни
606 Тематические рубрики 0_
a Основная рубрика Аккордеон
x Основная подрубрика Популярные песни
610 Ключевые слова 0_
a Ключевые слова баян; аккордеон; популярные песни; переложения
686 Индексы других классификаций __
2 Код системы rubbk
a Классификационный индекс 85.954.6-094-041(2)я43
a Классификационный индекс 85.954.7-094-041(2)я43
702 Вторичная интеллектуальная ответственность _1
a Фамилия Сариев
b Имя (инициалы) В.В.
g Полное личное имя Валерий Васильевич
4 Код отношения 220
801 Источник записи _0
a Страна RU
b Организация Ульяновская ОНБ
c Дата составления 20220331
g Правила каталогизации RCR
801 Источник записи _1
a Страна RU
b Организация Ульяновская ОНБ
c Дата составления 20220331
g Правила каталогизации RCR
901 Тип документа __
t Тип документа n
w Контрольный № источника UONB/MAIN/3f953c3232fc466c979063380d5fd5f1
909 Создатель записи __
a Создатель записи Грязнова И. Е.